Gateways to democracy : (Record no. 9352)
[ view plain ]
| 000 -LEADER | |
|---|---|
| fixed length control field | 00728cam a2200205 a 4500 |
| 001 - CONTROL NUMBER | |
| control field | 16425426 |
| 005 - DATE AND TIME OF LATEST TRANSACTION | |
| control field | 20260421122347.0 |
| 008 - FIXED-LENGTH DATA ELEMENTS--GENERAL INFORMATION | |
| fixed length control field | 100820s2012 mauab b 001 0 eng |
| 020 ## - INTERNATIONAL STANDARD BOOK NUMBER | |
| International Standard Book Number | 9780618906956 |
| Qualifying information | student ed. : pbk. |
| 020 ## - INTERNATIONAL STANDARD BOOK NUMBER | |
| International Standard Book Number | 0618906959 |
| Qualifying information | student ed. : pbk. |
| 050 00 - LIBRARY OF CONGRESS CALL NUMBER | |
| Classification number | JK276 |
| Item number | .G44 2012 |
| 082 00 - DEWEY DECIMAL CLASSIFICATION NUMBER | |
| Classification number | 320.473 |
| Edition information | 23 |
| 100 1# - MAIN ENTRY--PERSONAL NAME | |
| Personal name | Geer, John Gray |
| 245 10 - TITLE STATEMENT | |
| Title | Gateways to democracy : |
| Remainder of title | an introduction to American government / |
| Statement of responsibility, etc. | John G. Geer, Wendy J. Schiller, Jeffrey A. Segal. |
| 260 ## - PUBLICATION, DISTRIBUTION, ETC. | |
| Place of publication, distribution, etc. | Boston, MA : |
| Name of publisher, distributor, etc. | Wadsworth Cengage Learning, |
| Date of publication, distribution, etc. | c2012. |
| 300 ## - PHYSICAL DESCRIPTION | |
| Extent | xxxv, 670 p. : |
| Other physical details | ill. (chiefly col.), col. maps ; |
| Dimensions | 28 cm. |
| 700 1# - ADDED ENTRY--PERSONAL NAME | |
| Personal name | Schiller, Wendy J., |
| Dates associated with a name | 1964- |
| 700 1# - ADDED ENTRY--PERSONAL NAME | |
| Personal name | Segal, Jeffrey Allan. |
| 942 ## - ADDED ENTRY ELEMENTS (KOHA) | |
| Source of classification or shelving scheme | Library of Congress Classification |
| Koha item type | Books |
| Suppress in OPAC | No |
| 999 ## - | |
| -- | 9352 |
| -- | 9352 |
| Withdrawn status | Lost status | Source of classification or shelving scheme | Damaged status | Not for loan | Collection | Home library | Current library | Shelving location | Date acquired | Total checkouts | Full call number | Barcode | Date last seen | Copy number | Price effective from | Koha item type |
|---|---|---|---|---|---|---|---|---|---|---|---|---|---|---|---|---|
| Library of Congress Classification | Non-fiction | Business Library (Miotso) | Business Library (Miotso) | General stacks | 04/21/2026 | JK276 .G44 2012 | BSSM00003367 | 04/21/2026 | 1 | 04/21/2026 | Books | |||||
| Library of Congress Classification | Non-fiction | Business Library (Miotso) | Business Library (Miotso) | General stacks | 04/21/2026 | JK276 .G44 2012 | BSSM00003368 | 04/21/2026 | 2 | 04/21/2026 | Books | |||||
| Library of Congress Classification | Non-fiction | Business Library (Miotso) | Business Library (Miotso) | General stacks | 04/21/2026 | JK276 .G44 2012 | BSSM00003369 | 04/21/2026 | 3 | 04/21/2026 | Books |